[Event "Oberliga Ost B"]
[Site "?"]
[Date "2022.05.21"]
[Round "4.1"]
[White "Di Capua, Francesco Stefano"]
[Black "Wehner, Janis"]
[Result "0-1"]
[WhiteElo "1957"]
[BlackElo "2135"]
[PlyCount "134"]
[EventDate "2021.10.10"]
[EventType "team-tourn"]
[EventCountry "GER"]
[WhiteTeam "Gernsheim SK"]
[BlackTeam "Erfurt SV Medizin"]
[WhiteTeamCountry "GER"]
[BlackTeamCountry "GER"]

1. e4 c5 2. Nf3 Nc6 3. d4 cxd4 4. Nxd4 Nf6 5. Nc3 d6 6. Bg5 e6 7. Qd2 Qb6 8.
Nb3 a6 9. Be2 Bd7 10. O-O Rc8 11. Be3 Qc7 12. f4 Be7 13. Bf3 h5 14. Na4 e5 15.
Nb6 exf4 16. Bf2 g5 17. Nxc8 Qxc8 18. Rae1 Ne5 19. Bd1 Bb5 20. Nd4 Bxf1 21.
Kxf1 Nfg4 22. Bg1 Nc4 23. Qb4 Nce3+ 24. Bxe3 Nxe3+ 25. Rxe3 fxe3 26. Nf5 Qc6
27. Qd4 Qb5+ 28. c4 Qe5 29. Qxe5 dxe5 30. Bxh5 Bc5 31. h3 O-O 32. a3 a5 33. b4
axb4 34. axb4 Bxb4 35. Nxe3 Ra8 36. Ng4 Bc3 37. Ke2 Kg7 38. Ne3 Bd4 39. Nf5+
Kf6 40. Nd6 Ra2+ 41. Kf3 Ke7 42. Nf5+ Kf8 43. Nd6 b6 44. Kg4 Rxg2+ 45. Kf5 Ke7
46. Nc8+ Kd7 47. Na7 Rf2+ 48. Kxg5 Be3+ 49. Kg4 Kd6 50. Nc8+ Kc5 51. Kg3 Rf6
52. Ne7 Bf2+ 53. Kg2 Bd4 54. Nf5 Kxc4 55. Bxf7+ Rxf7 56. Nd6+ Kd3 57. Nxf7 Kxe4
58. h4 Kd3 59. h5 e4 60. Ng5 b5 61. h6 e3 62. h7 e2 63. Nf3 Bc3 64. Kf2 b4 65.
Ne1+ Kd2 66. Nf3+ Kd1 67. Ke3 b3 0-1

[Event "Oberliga Ost B"]
[Site "?"]
[Date "2022.05.21"]
[Round "4.2"]
[White "Jakob, Matthias"]
[Black "Neumann, Martin"]
[Result "0-1"]
[WhiteElo "2096"]
[BlackElo "2121"]
[PlyCount "94"]
[EventDate "2021.10.10"]
[EventType "team-tourn"]
[EventCountry "GER"]
[WhiteTeam "Erfurt SV Medizin"]
[BlackTeam "Gernsheim SK"]
[WhiteTeamCountry "GER"]
[BlackTeamCountry "GER"]

1. d4 d5 2. Nc3 f5 3. Bf4 Nf6 4. e3 e6 5. Nb5 Bb4+ 6. c3 Ba5 7. Qa4 Nc6 8. b4
Bb6 9. Nf3 Bd7 10. Qb3 a5 11. Rc1 O-O 12. Be2 axb4 13. cxb4 Nxb4 14. Bxc7 Bxc7
15. Nxc7 Nxa2 16. Rc2 Ba4 17. Qxa2 Bxc2 18. Qxa8 Qxa8 19. Nxa8 Rxa8 20. O-O Kf8
21. Rc1 Ra2 22. Ne1 Ba4 23. Bf1 Ne8 24. Nd3 Ke7 25. Nc5 Bc6 26. Rb1 Nd6 27. f3
b5 28. Nd3 Be8 29. Nc5 Nc4 30. e4 fxe4 31. fxe4 dxe4 32. Nxe4 Bg6 33. Rxb5 Bxe4
34. Bxc4 Rxg2+ 35. Kf1 Rxh2 36. Re5 Bf5 37. Bxe6 Bxe6 38. d5 Rh6 39. dxe6 Rxe6
40. Ra5 Rg6 41. Kf2 h6 42. Kf3 Rg5 43. Ra6 Rd5 44. Ke4 Rd6 45. Ra7+ Kf6 46. Ra8
Kg5 47. Ra5+ Kg4 0-1

[Event "Oberliga Ost B"]
[Site "?"]
[Date "2022.05.21"]
[Round "4.4"]
[White "Nguyen, Ha Thanh"]
[Black "Dietz, Holger"]
[Result "0-1"]
[WhiteElo "1954"]
[BlackElo "2293"]
[PlyCount "112"]
[EventDate "2021.10.10"]
[EventType "team-tourn"]
[EventCountry "GER"]
[WhiteTeam "Erfurt SV Medizin"]
[BlackTeam "Gernsheim SK"]
[WhiteTeamCountry "GER"]
[BlackTeamCountry "GER"]

1. e4 c5 2. Nf3 Nc6 3. d4 cxd4 4. Nxd4 e5 5. Nb5 d6 6. N1c3 a6 7. Na3 Be6 8.
Nc4 Nf6 9. Bg5 Rc8 10. Bxf6 gxf6 11. Ne3 Bh6 12. Ncd5 Bxe3 13. Nxe3 Qb6 14. b3
Qb4+ 15. Qd2 Qxe4 16. Qxd6 f5 17. Bd3 Qb4+ 18. Qxb4 Nxb4 19. Ke2 f4 20. Nf5
Bxf5 21. Bxf5 Rc7 22. Rhc1 O-O 23. c3 Nd5 24. c4 Ne7 25. Bh3 Nc6 26. g3 Nd4+
27. Kf1 f3 28. Rc3 f5 29. Re1 Re7 30. Rd3 Rfe8 31. Red1 h5 32. Ke1 Kg7 33. Kd2
Kf6 34. Bf1 Rd8 35. Kc3 Red7 36. R3d2 b5 37. cxb5 axb5 38. Kb2 b4 39. Bc4 e4
40. Bb5 Rd6 41. Bc4 Ke5 42. Rc1 h4 43. a4 Nc6 44. Rxd6 Rxd6 45. Kc2 Na5 46. Bb5
Rd5 47. Re1 f4 48. gxf4+ Kxf4 49. Re3 Rc5+ 50. Kd2 Rg5 51. h3 Rg1 52. Bc4 Nxc4+
53. bxc4 Rf1 54. Rb3 Rxf2+ 55. Ke1 Re2+ 56. Kd1 Ra2 0-1

[Event "Oberliga Ost B"]
[Site "?"]
[Date "2022.05.21"]
[Round "4.8"]
[White "Kohl, Gerald"]
[Black "Lukas, Anne"]
[Result "0-1"]
[WhiteElo "1759"]
[BlackElo "2040"]
[PlyCount "22"]
[EventDate "2021.10.10"]
[EventType "team-tourn"]
[EventCountry "GER"]
[WhiteTeam "Erfurt SV Medizin"]
[BlackTeam "Gernsheim SK"]
[WhiteTeamCountry "GER"]
[BlackTeamCountry "GER"]

1. d4 Nf6 2. c4 g6 3. Nc3 d5 4. Nf3 Bg7 5. Bf4 O-O 6. Rc1 c5 7. e3 cxd4 8. Nxd4
Nc6 9. cxd5 Nxd4 10. Qxd4 Nxd5 11. Qxd5 Bxc3+ 0-1

[Event "Oberliga Ost B"]
[Site "?"]
[Date "2022.05.21"]
[Round "4.1"]
[White "Hoffmann, Tim"]
[Black "Geske, Julian"]
[Result "1/2-1/2"]
[WhiteElo "2148"]
[BlackElo "2382"]
[PlyCount "158"]
[EventDate "2021.10.10"]
[EventType "team-tourn"]
[EventCountry "GER"]
[WhiteTeam "Gera ESV"]
[BlackTeam "Wiesbadener SV"]
[WhiteTeamCountry "GER"]
[BlackTeamCountry "GER"]

1. e4 e5 2. Nf3 Nc6 3. d4 exd4 4. Nxd4 Qf6 5. Nf3 Bb4+ 6. c3 Bc5 7. Be2 Nge7 8.
O-O h6 9. Qd2 d6 10. b4 Bb6 11. Bb2 O-O 12. c4 Qg6 13. Qc3 a5 14. a3 axb4 15.
axb4 Rxa1 16. Bxa1 f6 17. Nbd2 Be6 18. Bb2 Ra8 19. Ra1 Qe8 20. Rxa8 Qxa8 21.
Bd1 Qa7 22. Kf1 Kf8 23. Bb3 Bg8 24. Ke2 Bxf2 25. g4 Bb6 26. h4 Ke8 27. g5 hxg5
28. hxg5 fxg5 29. b5 g4 30. bxc6 gxf3+ 31. Nxf3 bxc6 32. Qxg7 Qa6 33. Nd2 Qa5
34. Bf6 Qh5+ 35. Nf3 Qh7 36. Qxe7+ Qxe7 37. Bxe7 Kxe7 38. Kd3 Be6 39. Ba4 Bd7
40. Bd1 Kf6 41. Bb3 Bf2 42. Ba4 Be8 43. Ke2 Bc5 44. Kd3 Ke6 45. Kc3 Bb6 46. Kd3
Bh5 47. Nd2 Be8 48. Nf3 Kf6 49. Kc3 Kg6 50. Kd3 Kh5 51. Ne1 Kg4 52. Nc2 Bc5 53.
Na1 Kf4 54. Nb3 Bb6 55. Nd2 Bd7 56. Nb3 Ke5 57. Nd2 Bf2 58. Nb3 Bb6 59. Nd2 Kf4
60. Nb3 Kf3 61. Nd2+ Kf2 62. Nb3 Ke1 63. Nc1 Be8 64. Nb3 Kf1 65. Nd4 Kf2 66.
Nb3 Ke1 67. Nc1 Bd7 68. Nb3 Kf1 69. Nd2+ Kf2 70. Nb3 Ke1 71. Nc1 Bh3 72. Bxc6
Bf1+ 73. Kc3 Ba5+ 74. Kd4 Bb6+ 75. Kc3 Ba5+ 76. Kd4 Kd1 77. Nb3 Bb6+ 78. c5
dxc5+ 79. Nxc5 Kd2 1/2-1/2

[Event "Oberliga Ost B"]
[Site "?"]
[Date "2022.05.21"]
[Round "4.2"]
[White "Alienkin, Aleksander"]
[Black "Mueller, Magnus"]
[Result "1/2-1/2"]
[WhiteElo "2346"]
[BlackElo "1993"]
[PlyCount "156"]
[EventDate "2021.10.10"]
[EventType "team-tourn"]
[EventCountry "GER"]
[WhiteTeam "Wiesbadener SV"]
[BlackTeam "Gera ESV"]
[WhiteTeamCountry "GER"]
[BlackTeamCountry "GER"]

1. e4 c6 2. d3 d5 3. Nd2 e5 4. Ngf3 Bd6 5. g3 Nf6 6. Bg2 O-O 7. O-O Re8 8. h3
Nbd7 9. Re1 a5 10. a4 h6 11. b3 Nc5 12. Bb2 d4 13. Bxd4 exd4 14. e5 Be6 15.
exd6 Qxd6 16. Qc1 Rad8 17. Qb2 Na6 18. Re5 c5 19. Rae1 Bd5 20. Qc1 Nb4 21.
Rxe8+ Rxe8 22. Rxe8+ Nxe8 23. Ne4 Qc7 24. Qd1 Nd6 25. Nxd6 Qxd6 26. Nd2 Bxg2
27. Kxg2 Qc6+ 28. Kg1 b5 29. axb5 Qxb5 30. Ne4 a4 31. bxa4 Qxa4 32. Nxc5 Qc6
33. Nb3 Nxc2 34. Qe2 Qc3 35. Qe8+ Kh7 36. Qxf7 Qxd3 37. Nc5 Qd1+ 38. Kh2 Ne1
39. Qf5+ Kg8 40. Qc8+ Kh7 41. Qf5+ Kg8 42. h4 Qe2 43. Ne6 Nf3+ 44. Kh3 Qf1+ 45.
Kg4 Nh2+ 46. Kh5 Qe2+ 47. g4 Qf3 48. Nxd4 Qxf5+ 49. Nxf5 Kf7 50. Ne3 Nf3 51. g5
hxg5 52. hxg5 Ke6 53. Kg4 Ne5+ 54. Kg3 g6 55. f4 Nd3 56. Kf3 Nc5 57. Ng2 Kf7
58. Ke3 Ne6 59. Nh4 Kg7 60. Nf3 Nc5 61. Ne5 Kh7 62. Kd4 Ne6+ 63. Ke4 Ng7 64.
Nd7 Nf5 65. Ke5 Kg7 66. Nc5 Kf7 67. Ne4 Ke7 68. Nf6 Ne3 69. Ng8+ Kf7 70. Nh6+
Ke7 71. Ke4 Nc4 72. Ng4 Ke6 73. Ne5 Nd6+ 74. Kf3 Kf5 75. Ng4 Ke6 76. Ne3 Nf7
77. Nc4 Nxg5+ 78. fxg5 Kf5 1/2-1/2

[Event "Oberliga Ost B"]
[Site "?"]
[Date "2022.05.21"]
[Round "4.3"]
[White "Schubert, Nikita"]
[Black "Bakiev, Diyor"]
[Result "0-1"]
[WhiteElo "1931"]
[BlackElo "2157"]
[PlyCount "60"]
[EventDate "2021.10.10"]
[EventType "team-tourn"]
[EventCountry "GER"]
[WhiteTeam "Gera ESV"]
[BlackTeam "Wiesbadener SV"]
[WhiteTeamCountry "GER"]
[BlackTeamCountry "GER"]

1. d4 Nf6 2. c4 c5 3. d5 e6 4. Nc3 exd5 5. cxd5 d6 6. Nf3 g6 7. Bf4 a6 8. a4
Bg7 9. h3 O-O 10. e3 Ne8 11. Be2 Nd7 12. O-O Qe7 13. Bh2 Nc7 14. a5 Rb8 15. Qc2
b5 16. axb6 Rxb6 17. e4 Rb4 18. Nd2 Nb6 19. Rfe1 Nb5 20. Bxb5 axb5 21. Ra5 f5
22. Nxb5 Rxb2 23. Qc1 f4 24. e5 Rxd2 25. exd6 Qd8 26. Qxd2 Nc4 27. Qc1 Qxa5 28.
Re4 Qxb5 29. Rxc4 Bd4 30. Rc2 Bf5 0-1

[Event "Oberliga Ost B"]
[Site "?"]
[Date "2022.05.21"]
[Round "4.4"]
[White "Gottschalk, Jens"]
[Black "Puschendorf, Steffen"]
[Result "1-0"]
[WhiteElo "2258"]
[BlackElo "2146"]
[PlyCount "69"]
[EventDate "2021.10.10"]
[EventType "team-tourn"]
[EventCountry "GER"]
[WhiteTeam "Wiesbadener SV"]
[BlackTeam "Gera ESV"]
[WhiteTeamCountry "GER"]
[BlackTeamCountry "GER"]

1. d4 d5 2. c4 e6 3. Nf3 Nf6 4. g3 dxc4 5. Bg2 Bb4+ 6. Bd2 a5 7. Qc2 Ra6 8. O-O
b5 9. a4 c6 10. e4 h6 11. Rd1 O-O 12. Nc3 Qb6 13. e5 Nd5 14. Qe4 Be7 15. Qg4 f5
16. Qg6 Rf7 17. Bxh6 Nc7 18. Bg5 Nd7 19. Bxe7 Rxe7 20. Ng5 Nf8 21. Qh5 b4 22.
Ne2 Nd5 23. Rac1 c3 24. bxc3 bxc3 25. Nxc3 Nxc3 26. Rxc3 Qb4 27. Rxc6 Rxc6 28.
Bxc6 Bb7 29. Qf3 Qb2 30. Bxb7 Rxb7 31. Qc6 Qb3 32. Rc1 Rb6 33. Qe8 Rb7 34. Rc8
Qb4 35. Qxe6+ 1-0

[Event "Oberliga Ost B"]
[Site "?"]
[Date "2022.05.21"]
[Round "4.6"]
[White "Tuzi, Bruna"]
[Black "Hilbig, Dieter"]
[Result "1-0"]
[WhiteElo "1999"]
[BlackElo "1965"]
[PlyCount "115"]
[EventDate "2021.10.10"]
[EventType "team-tourn"]
[EventCountry "GER"]
[WhiteTeam "Wiesbadener SV"]
[BlackTeam "Gera ESV"]
[WhiteTeamCountry "GER"]
[BlackTeamCountry "GER"]

1. e4 c5 2. Nf3 Nc6 3. Bb5 g6 4. Bxc6 dxc6 5. d3 Bg7 6. h3 e5 7. Be3 b6 8. O-O
Ne7 9. a4 a5 10. Qd2 O-O 11. Bh6 f6 12. Bxg7 Kxg7 13. Qe3 Be6 14. Nbd2 Qc7 15.
Rae1 Rae8 16. Nh2 Qd7 17. f4 exf4 18. Rxf4 g5 19. Rf2 Ng6 20. Ndf3 h6 21. Rd2
Qc7 22. d4 cxd4 23. Nxd4 Bc8 24. Qc3 c5 25. Nb5 Qe5 26. Rd6 Re6 27. Qxe5 Nxe5
28. Rxe6 Bxe6 29. Rd1 Nf7 30. Nc7 Bc8 31. Nf3 Kg6 32. b3 Bb7 33. Nd5 Rd8 34. c4
Rd6 35. e5 fxe5 36. Nxe5+ Kg7 37. Ng4 Bxd5 38. cxd5 Kg6 39. Ne3 Ne5 40. Nc4
Nxc4 41. bxc4 Kf5 42. Re1 h5 43. Re8 Kf6 44. Kf2 Kf7 45. Re4 Rf6+ 46. Ke2 Rd6
47. g3 Rf6 48. Re5 Kg6 49. Re8 Kf5 50. Ke3 g4 51. h4 Rd6 52. Rf8+ Kg6 53. Ke4
Kg7 54. Rc8 Kf6 55. Rh8 Kg6 56. Ke5 Rd7 57. Ke6 Rb7 58. d6 1-0

[Event "Oberliga Ost B"]
[Site "?"]
[Date "2022.05.21"]
[Round "4.7"]
[White "Helmsdorf, Marius"]
[Black "Li, Maxim"]
[Result "0-1"]
[WhiteElo "1616"]
[BlackElo "1932"]
[PlyCount "74"]
[EventDate "2021.10.10"]
[EventType "team-tourn"]
[EventCountry "GER"]
[WhiteTeam "Gera ESV"]
[BlackTeam "Wiesbadener SV"]
[WhiteTeamCountry "GER"]
[BlackTeamCountry "GER"]

1. d4 d5 2. Nc3 Nf6 3. Bf4 Bf5 4. f3 e6 5. g4 Bg6 6. h4 h6 7. e3 a6 8. h5 Bh7
9. Bd3 c5 10. Nge2 Nc6 11. g5 hxg5 12. Bxg5 Be7 13. h6 Bxd3 14. Qxd3 gxh6 15.
Rxh6 Rxh6 16. Bxh6 Qa5 17. Kf2 O-O-O 18. Rg1 cxd4 19. exd4 Qb6 20. Rg7 Bf8 21.
Rxf7 Ne5 22. Bxf8 Nxd3+ 23. cxd3 Nd7 24. Be7 Rh8 25. Na4 Qc7 26. Nac3 b5 27.
Nf4 Qc6 28. Bb4 Rh2+ 29. Ke3 Rxb2 30. Ng6 Qb6 31. Ne7+ Kb8 32. a3 e5 33. Nf5
exd4+ 34. Nxd4 Qh6+ 35. Rf4 Nf6 36. Nf5 Qg5 37. Be7 Qg1# 0-1

[Event "Oberliga Ost B"]
[Site "?"]
[Date "2022.05.21"]
[Round "4.1"]
[White "Siebarth, Raiko"]
[Black "Grabarczyk, Bogdan"]
[Result "1-0"]
[WhiteElo "2332"]
[BlackElo "2386"]
[PlyCount "45"]
[EventDate "2021.10.10"]
[EventType "team-tourn"]
[EventCountry "GER"]
[WhiteTeam "Stadtilm SG BW"]
[BlackTeam "Griesheim SV"]
[WhiteTeamCountry "GER"]
[BlackTeamCountry "GER"]

1. e4 c5 2. Nf3 e6 3. d4 cxd4 4. Nxd4 a6 5. Bd3 Ne7 6. O-O Nbc6 7. Be3 g6 8.
Nxc6 Nxc6 9. Nd2 Bg7 10. Nc4 d5 11. exd5 exd5 12. Bb6 Qe7 13. Re1 Be6 14. Ne3
Qd6 15. c4 Ne7 16. cxd5 Nxd5 17. Nxd5 Qxd5 18. Qa4+ Qc6 19. Qb4 Rc8 20. Be3 Qd5
21. Rad1 Qxa2 22. Bg5 f6 23. b3 1-0

[Event "Oberliga Ost B"]
[Site "?"]
[Date "2022.05.21"]
[Round "4.4"]
[White "Flach, Erich"]
[Black "Dittrich, Tom"]
[Result "1-0"]
[WhiteElo "2072"]
[BlackElo "1977"]
[PlyCount "95"]
[EventDate "2021.10.10"]
[EventType "team-tourn"]
[EventCountry "GER"]
[WhiteTeam "Griesheim SV"]
[BlackTeam "Stadtilm SG BW"]
[WhiteTeamCountry "GER"]
[BlackTeamCountry "GER"]

1. c4 e5 2. g3 Nf6 3. Bg2 d5 4. cxd5 Nxd5 5. Nc3 Nb6 6. Nf3 Nc6 7. O-O Be7 8.
a3 a5 9. d3 O-O 10. Be3 Re8 11. Rc1 Bf8 12. Ne4 Nd4 13. Nc5 Bxc5 14. Rxc5 Bg4
15. Bxd4 exd4 16. Qd2 Qd7 17. Rfc1 Bxf3 18. Bxf3 c6 19. Rxa5 Qe6 20. Rxa8 Rxa8
21. Qb4 Ra6 22. Qxd4 g6 23. Qd8+ Kg7 24. Qc7 Qd7 25. Qxd7 Nxd7 26. d4 Nf6 27.
e3 Rb6 28. b4 Kf8 29. Kf1 Ke7 30. Ke2 Kd6 31. Kd3 Ra6 32. Ra1 Ne8 33. a4 Nc7
34. Kc3 Ra8 35. Ra2 Nd5+ 36. Kb3 Nc7 37. Rc2 Ne6 38. Be2 f5 39. h4 Re8 40. Bc4
Nc7 41. b5 cxb5 42. axb5 Re7 43. Ra2 Nd5 44. Rc2 h6 45. Bd3 Rf7 46. Rc5 Nb6 47.
h5 gxh5 48. Rxf5 1-0

[Event "Oberliga Ost B"]
[Site "?"]
[Date "2022.05.21"]
[Round "4.5"]
[White "Siebarth, Marco"]
[Black "Diaz, Joaquin"]
[Result "1-0"]
[WhiteElo "2040"]
[BlackElo "2149"]
[PlyCount "61"]
[EventDate "2021.10.10"]
[EventType "team-tourn"]
[EventCountry "GER"]
[WhiteTeam "Stadtilm SG BW"]
[BlackTeam "Griesheim SV"]
[WhiteTeamCountry "GER"]
[BlackTeamCountry "GER"]

1. e4 Nf6 2. Nc3 d5 3. e5 Nfd7 4. Nxd5 Nxe5 5. Ne3 Nbc6 6. Ne2 e6 7. d4 Ng6 8.
g3 Be7 9. Bg2 O-O 10. O-O Bf6 11. c3 Nce7 12. Ng4 Nd5 13. c4 Nb6 14. Nxf6+ Qxf6
15. Qc2 Rb8 16. b3 Bd7 17. Bb2 Qe7 18. a4 Rfd8 19. Rfe1 Bc6 20. a5 Nc8 21. d5
exd5 22. cxd5 Bxd5 23. Bxd5 Rxd5 24. Nf4 Re5 25. Bxe5 Nxe5 26. Qc3 f6 27. Nd5
Qf7 28. f4 Nc6 29. Rad1 a6 30. Qc5 Nd6 31. Nxc7 1-0

[Event "Oberliga Ost B"]
[Site "?"]
[Date "2022.05.21"]
[Round "4.7"]
[White "Neubauer, Andreas"]
[Black "Hahn, Werner"]
[Result "1/2-1/2"]
[WhiteElo "2162"]
[BlackElo "2173"]
[PlyCount "21"]
[EventDate "2021.10.10"]
[EventType "team-tourn"]
[EventCountry "GER"]
[WhiteTeam "Stadtilm SG BW"]
[BlackTeam "Griesheim SV"]
[WhiteTeamCountry "GER"]
[BlackTeamCountry "GER"]

1. Nf3 Nf6 2. g3 g6 3. Bg2 Bg7 4. O-O O-O 5. c4 d6 6. d4 Nbd7 7. Nc3 e5 8. h3
exd4 9. Qxd4 Nc5 10. Qh4 c6 11. Bg5 1/2-1/2

[Event "Oberliga Ost B"]
[Site "?"]
[Date "2022.05.21"]
[Round "4.8"]
[White "Debortoli, Roberto"]
[Black "Schmidt, Daniel"]
[Result "1-0"]
[WhiteElo "2020"]
[BlackElo "1880"]
[PlyCount "61"]
[EventDate "2021.10.10"]
[EventType "team-tourn"]
[EventCountry "GER"]
[WhiteTeam "Griesheim SV"]
[BlackTeam "Stadtilm SG BW"]
[WhiteTeamCountry "GER"]
[BlackTeamCountry "GER"]

1. e4 c5 2. c4 g6 3. Nc3 Bg7 4. g3 Nc6 5. Bg2 d6 6. Nge2 e5 7. O-O Nge7 8. d3
O-O 9. f4 f5 10. a3 Nd4 11. Rb1 Nec6 12. b4 cxb4 13. axb4 Nxe2+ 14. Nxe2 Qb6+
15. Kh1 Be6 16. Ba3 Rfd8 17. Nc3 exf4 18. Nd5 Bxd5 19. exd5 Ne5 20. Rxf4 Bh6
21. Rf1 Ng4 22. c5 Qa6 23. Qb3 Qb5 24. Bb2 Bg7 25. Bxg7 Kxg7 26. Qc3+ Kg8 27.
Rbe1 Re8 28. Re6 Ne3 29. Re1 Nxg2 30. Kxg2 dxc5 31. Re7 1-0

[Event "Oberliga Ost B"]
[Site "?"]
[Date "2022.05.21"]
[Round "4.1"]
[White "Sadeghi, Behrang"]
[Black "Humburg, Philipp"]
[Result "1-0"]
[WhiteElo "2249"]
[BlackElo "2276"]
[PlyCount "101"]
[EventDate "2021.10.10"]
[EventType "team-tourn"]
[EventCountry "GER"]
[WhiteTeam "Homburg Bad SK"]
[BlackTeam "Marburg SK"]
[WhiteTeamCountry "GER"]
[BlackTeamCountry "GER"]

1. e4 e5 2. Nf3 Nc6 3. Bb5 a6 4. Ba4 Nf6 5. d3 d6 6. c3 g6 7. O-O Bg7 8. Re1
O-O 9. Nbd2 Re8 10. h3 h6 11. d4 b5 12. Bc2 d5 13. dxe5 Nxe5 14. Nxe5 Rxe5 15.
Nf3 Re8 16. exd5 Rxe1+ 17. Qxe1 Nxd5 18. Bd2 Bb7 19. Ne5 Qd6 20. Ng4 Kh7 21.
Rd1 f5 22. Nh2 Qc6 23. Nf3 Re8 24. Qf1 Nb6 25. h4 Qf6 26. h5 gxh5 27. Re1 Rg8
28. Nd4 Bxg2 29. Kxg2 Kh8 30. Kf3 Qh4 31. Ke2 Nc4 32. Nxf5 Qd8 33. Bc1 Re8+ 34.
Ne3 Qf6 35. Qg2 a5 36. Qg6 Qxg6 37. Bxg6 Re5 38. Rh1 b4 39. Rxh5 bxc3 40. bxc3
Nxe3 41. Bxe3 Rxh5 42. Bxh5 Bxc3 43. Bxh6 a4 44. Kd3 Ba5 45. Kc4 Be1 46. f3 c6
47. Be8 a3 48. Bc1 Bd2 49. Bxd2 c5 50. Kxc5 Kg7 51. Bc6 1-0

[Event "Oberliga Ost B"]
[Site "?"]
[Date "2022.05.21"]
[Round "4.2"]
[White "Rolle, Eric"]
[Black "Dunsbach, Ralf"]
[Result "0-1"]
[WhiteElo "2150"]
[BlackElo "2137"]
[PlyCount "94"]
[EventDate "2021.10.10"]
[EventType "team-tourn"]
[EventCountry "GER"]
[WhiteTeam "Marburg SK"]
[BlackTeam "Homburg Bad SK"]
[WhiteTeamCountry "GER"]
[BlackTeamCountry "GER"]

1. c4 Nf6 2. Nc3 e5 3. Nf3 Nc6 4. e3 Be7 5. Qc2 O-O 6. Nd5 d6 7. a3 Re8 8. Ng5
g6 9. h4 Bf8 10. Bd3 Bg7 11. h5 Nxd5 12. Nxf7 Kxf7 13. hxg6+ Kg8 14. cxd5 Ne7
15. gxh7+ Kh8 16. Be4 Rf8 17. b4 Bf5 18. Bb2 Qd7 19. Rc1 Rac8 20. Bxf5 Qxf5 21.
Qxf5 Rxf5 22. Rh4 Rf7 23. d4 exd4 24. Bxd4 Nxd5 25. a4 Bxd4 26. Rxd4 Ne7 27. b5
Kxh7 28. g4 Kg7 29. a5 d5 30. Rc5 c6 31. bxc6 Rxc6 32. Rb5 b6 33. axb6 axb6 34.
g5 Kg6 35. Rdb4 Kxg5 36. Rxb6 Rc2 37. f4+ Kg4 38. Rb2 Rxb2 39. Rxb2 Kf3 40. Kd2
Nf5 41. Rb3 Ra7 42. Rb5 Ra2+ 43. Kd3 Ra3+ 44. Kd2 Nxe3 45. f5 Ke4 46. f6 Nc4+
47. Ke2 Re3+ 0-1

[Event "Oberliga Ost B"]
[Site "?"]
[Date "2022.05.21"]
[Round "4.3"]
[White "Schmidt, Walter"]
[Black "Alber, Horst"]
[Result "1/2-1/2"]
[WhiteElo "2232"]
[BlackElo "2259"]
[PlyCount "59"]
[EventDate "2021.10.10"]
[EventType "team-tourn"]
[EventCountry "GER"]
[WhiteTeam "Homburg Bad SK"]
[BlackTeam "Marburg SK"]
[WhiteTeamCountry "GER"]
[BlackTeamCountry "GER"]

1. e4 g6 2. d4 Bg7 3. Nf3 d6 4. Bc4 Nf6 5. Qe2 O-O 6. O-O c6 7. Bb3 Bg4 8. Nbd2
Nbd7 9. h3 Bxf3 10. Nxf3 e5 11. dxe5 dxe5 12. c3 Nc5 13. Bc2 Nfd7 14. Be3 Qe7
15. Rad1 a5 16. Rd2 Ne6 17. Qc4 Ndc5 18. a4 Rfb8 19. Rfd1 b5 20. axb5 cxb5 21.
Qf1 a4 22. Rd5 Qc7 23. Ng5 Bf8 24. Nxe6 fxe6 25. R5d2 Qc6 26. Qe2 a3 27. bxa3
Rxa3 28. Rd8 Raa8 29. Rxb8 Rxb8 30. Rb1 1/2-1/2

[Event "Oberliga Ost B"]
[Site "?"]
[Date "2022.05.21"]
[Round "4.5"]
[White "Lenz, Jonas"]
[Black "Duncker, Joachim"]
[Result "1-0"]
[WhiteElo "2115"]
[BlackElo "2186"]
[PlyCount "129"]
[EventDate "2021.10.10"]
[EventType "team-tourn"]
[EventCountry "GER"]
[WhiteTeam "Homburg Bad SK"]
[BlackTeam "Marburg SK"]
[WhiteTeamCountry "GER"]
[BlackTeamCountry "GER"]

{[%evp 0,127,21,23,23,9,57,18,9,-6,25,25,25,29,19,19,32,6,15,16,78,70,5,31,41,
-25,-3,-16,-7,-7,4,-11,-1,7,8,10,16,4,13,23,40,41,29,32,39,19,34,40,61,61,52,
59,68,59,66,66,68,75,75,73,93,92,111,122,133,126,125,121,136,131,131,119,141,
133,156,108,130,111,132,110,147,152,146,154,154,156,154,145,154,140,153,153,
151,145,153,153,151,135,148,145,156,160,160,163,163,171,177,177,181,182,167,
186,199,161,164,180,196,196,226,232,237,232,234,233,243,325,356,230,384,393]} 
1. d4 Nf6 2. c4 g6 3. g3 Bg7 4. Bg2 d6 5. Nc3 O-O 6. Nf3 Nc6 7. O-O a6 8. b3
Rb8 9. d5 Na5 10. Bg5 b5 11. cxb5 axb5 12. Nd4 b4 13. Bxf6 exf6 14. Na4 Ba6 15.
Qc2 f5 16. Rfd1 Re8 17. e3 Re7 18. Rac1 Qe8 19. Qd2 Rb7 20. Nb2 Qa8 21. Re1 Rb8
22. h4 h5 23. Nd3 Bxd3 24. Qxd3 Qa7 25. Red1 Qb6 26. Bf1 Bxd4 27. Qxd4 Qxd4 28.
Rxd4 Kf8 29. Bg2 Ke8 30. Rf4 Kd8 31. Rd1 Kc8 32. Rdd4 Nb7 33. Rxb4 Nc5 34.
Rxb8+ Kxb8 35. Rd4 Kb7 36. Bf1 Re4 37. Bc4 Kb6 38. b4 Nd7 39. Bd3 Re8 40. a4
Ne5 41. Be2 Re7 42. Kf1 Kb7 43. Ke1 Nd7 44. Bf3 Nb6 45. Bd1 Re5 46. Bb3 Re7 47.
Kd2 Nd7 48. Bd1 Nf6 49. Bf3 Nd7 50. Kc3 Ne5 51. Be2 Nd7 52. a5 Nf6 53. Bf3 Nd7
54. Kb3 Ne5 55. Be2 Nd7 56. Ka4 Nf6 57. Bf3 Re5 58. Kb5 c6+ 59. Kc4 Ne4 60.
dxc6+ Kxc6 61. Bxe4+ fxe4 62. b5+ Kc7 63. a6 Rc5+ 64. Kb4 Rc2 65. Rc4+ 1-0

[Event "Oberliga Ost B"]
[Site "?"]
[Date "2022.05.21"]
[Round "4.6"]
[White "Nekhamkis, Genadi"]
[Black "Kaiser, Richard"]
[Result "1-0"]
[WhiteElo "2099"]
[BlackElo "2117"]
[PlyCount "103"]
[EventDate "2021.10.10"]
[EventType "team-tourn"]
[EventCountry "GER"]
[WhiteTeam "Marburg SK"]
[BlackTeam "Homburg Bad SK"]
[WhiteTeamCountry "GER"]
[BlackTeamCountry "GER"]

1. e4 d6 2. d4 Nf6 3. Nc3 e5 4. Nf3 Nbd7 5. Bc4 Be7 6. O-O O-O 7. Bb3 c6 8. a4
exd4 9. Nxd4 Nc5 10. Re1 Nxb3 11. Nxb3 Re8 12. Bf4 Ng4 13. h3 Ne5 14. Nd4 g6
15. Nf3 Qc7 16. Qe2 Be6 17. b3 Rad8 18. Rad1 Bf6 19. Qe3 Qa5 20. Ne2 Bg7 21.
Ned4 Bc8 22. Re2 Nxf3+ 23. Qxf3 d5 24. e5 Be6 25. Bg5 Rd7 26. Bf6 a6 27. Qf4 c5
28. Nf3 Qc7 29. Qh4 h6 30. g4 d4 31. Nd2 Bd5 32. Rde1 Qc6 33. g5 h5 34. Ne4
Bxe4 35. Rxe4 Qe6 36. Qg3 b5 37. axb5 axb5 38. Rf4 Bf8 39. Rh4 c4 40. Rd1 Bc5
41. Qf3 Bf8 42. Rhxd4 Rxd4 43. Rxd4 Rc8 44. bxc4 bxc4 45. Kg2 Bc5 46. Rd5 Be7
47. Qd1 Bxf6 48. gxf6 Kh7 49. Qd4 Rc7 50. Rd8 c3 51. Qe3 Rc4 52. Rh8+ 1-0

[Event "Oberliga Ost B"]
[Site "?"]
[Date "2022.05.21"]
[Round "4.7"]
[White "Novak, Volker"]
[Black "Heiling, Thomas"]
[Result "1-0"]
[WhiteElo "2082"]
[BlackElo "2175"]
[PlyCount "65"]
[EventDate "2021.10.10"]
[EventType "team-tourn"]
[EventCountry "GER"]
[WhiteTeam "Homburg Bad SK"]
[BlackTeam "Marburg SK"]
[WhiteTeamCountry "GER"]
[BlackTeamCountry "GER"]

1. c4 c5 2. Nf3 Nf6 3. g3 d5 4. cxd5 Nxd5 5. Bg2 Nc6 6. O-O e5 7. d3 Be7 8. Nc3
Nc7 9. Nd2 Bd7 10. Nc4 O-O 11. Bxc6 Bxc6 12. Nxe5 Be8 13. Be3 Ne6 14. Qb3 Bf6
15. Ng4 Bd4 16. Bxd4 cxd4 17. Ne4 Bc6 18. Ne5 Bd5 19. Qb4 Rc8 20. Rfc1 f6 21.
Nf3 a5 22. Qd6 Rc6 23. Rxc6 bxc6 24. Qxd8 Rxd8 25. b3 Bxe4 26. dxe4 c5 27. Ne1
a4 28. Nd3 Ra8 29. Rc1 axb3 30. axb3 Ra5 31. f4 g6 32. f5 Ng7 33. g4 1-0